Isaac Newton historian

Saved in:
Bibliografiske detaljer
Hovedforfatter: Manuel, Frank E. (autor)
Format: Bog
Sprog:engelsk
Udgivet: Cambridge Cambridge University 1963
Fag:
Tags: Tilføj Tag
Ingen Tags, Vær først til at tagge denne postø!

MARC

LEADER 00000nam a2200000 a 4500
001 UCT2057
003 CL-VaPUC
005 20220819113606.0
008 961004e19630000uk |||||||||||||||||eng|d
999 |c 252338  |d 252336 
040 |c Pontificia Universidad Católica de Valparaíso 
082 0 4 |a 925.3  |b MAN  |2 21 
100 |a Manuel, Frank E.  |e autor  |9 447303 
245 1 0 |a Isaac Newton historian 
260 |a Cambridge  |b Cambridge University  |c 1963 
300 |a 328 p 
583 |a last modification  |c 20130724 07:27:30  |k Rodrigo Vera 
600 0 |a Newton, Isaac,   |d 1642-1727  |9 875680 
650 0 |a Biografías  |9 255210 
650 0 |a Ciencia  |9 255691 
650 0 |a Historia  |9 255047 
650 0 |a Científicos   |9 262025 
650 0 |a Física   |9 227844 
942 |c BK  |2 ddc 
945 |d 19961004 00:00:00  |a paguirre 
952 |0 0  |1 0  |4 0  |6 925_300000000000000_MAN_1963  |7 0  |8 A  |9 272144  |a BIBCUR  |b BIBCUR  |d 2019-11-19  |i 1757512  |o 925.3 MAN 1963  |p 1757512  |r 2025-04-22  |w 2019-11-19  |y BK  |k BCB